The 2009-2014 World Outlook for Online Retail Sales (e-Commerce) (E-BOOK) (Record no. 213242)
[ view plain ]
| 000 -LEADER | |
|---|---|
| fixed length control field | 00621 a2200157 4500 |
| 003 - CONTROL NUMBER IDENTIFIER | |
| control field | Nust |
| 005 - DATE AND TIME OF LATEST TRANSACTION | |
| control field | 20170207165830.0 |
| 022 ## - INTERNATIONAL STANDARD SERIAL NUMBER | |
| International Standard Serial Number | 0-497-83938-5 |
| 040 ## - CATALOGING SOURCE | |
| Transcribing agency | Nust |
| 100 ## - MAIN ENTRY--PERSONAL NAME | |
| Personal name | Philip M. Parker, |
| 245 ## - TITLE STATEMENT | |
| Title | The 2009-2014 World Outlook for Online Retail Sales (e-Commerce) (E-BOOK) |
| Statement of responsibility, etc. | Philip M. Parker, |
| 260 ## - PUBLICATION, DISTRIBUTION, ETC. | |
| Place of publication, distribution, etc. | Icon Group International, |
| Name of publisher, distributor, etc. | France |
| Date of publication, distribution, etc. | 2008 |
| 300 ## - PHYSICAL DESCRIPTION | |
| Extent | 199 p |
| 505 ## - FORMATTED CONTENTS NOTE | |
| Formatted contents note | INTRODUCTION (Page-1) SUMMARY OF FINDINGS (Page-9) AFRICA (Page-11) ASIA (Page-50) EUROPE (Page-72) LATIN AMERICA (Page-109) NORTH AMERICA & THE CARIBBEAN (Page-128) OCEANA (Page-148) THE MIDDLE EAST (Page-168) |
| 651 ## - SUBJECT ADDED ENTRY--GEOGRAPHIC NAME | |
| Geographic name | E-Book |
| 942 ## - ADDED ENTRY ELEMENTS (KOHA) | |
| Source of classification or shelving scheme | |
| Koha item type | Book |
| Withdrawn status | Lost status | Source of classification or shelving scheme | Damaged status | Not for loan | Collection code | Permanent Location | Current Location | Date acquired | Total Checkouts | Barcode | Date last seen | Price effective from | Koha item type |
|---|---|---|---|---|---|---|---|---|---|---|---|---|---|
| Military College of Signals (MCS) | Military College of Signals (MCS) | 12/12/2016 | MCSEB-3236 | 12/08/2016 | 12/12/2016 | Book |
